Les troubles psychotiques chez l'enfant (notice n° 1566879)
[ vue normale ]
| 000 -LEADER | |
|---|---|
| fixed length control field | 01366cam a2200133 4500500 |
| 005 - DATE AND TIME OF LATEST TRANSACTION | |
| control field | 20251214002413.0 |
| 041 ## - LANGUAGE CODE | |
| Language code of text/sound track or separate title | fre |
| 042 ## - AUTHENTICATION CODE | |
| Authentication code | dc |
| 100 10 - MAIN ENTRY--PERSONAL NAME | |
| Personal name | Boutinaud, Jérôme |
| Relator term | author |
| 245 00 - TITLE STATEMENT | |
| Title | Les troubles psychotiques chez l'enfant |
| 260 ## - PUBLICATION, DISTRIBUTION, ETC. | |
| Name of publisher, distributor, etc. | Armand Colin,<br/> |
| Date of publication, distribution, etc. | 2017.<br/> |
| 520 ## - SUMMARY, ETC. | |
| Summary, etc. | Cet ouvrage présente une figure majeure du champ de la psychopathologie de l’enfant : celle des troubles psychotiques. Non assimilables à la schizophrénie chez l’adulte, à nécessairement différencier des troubles du spectre autistique (TSA), ces manifestations se caractérisent par une présentation et une logique propres qui appellent à en appréhender la spécificité. Le repérage symptomatologique ainsi que l’analyse du fonctionnement psychique de ces enfants en souffrance sont présentés en détail, permettant de penser la dynamique des soins dont ils doivent bénéficier. Le concept est resitué dans sa trajectoire historique, mis en perspective avec les recherches actuelles mais aussi constamment éclairé par un ensemble d’exemples tirés de la pratique clinique et soutenus par un référentiel théorique permettant d’en saisir les différents aspects dans toute leur complexité. Préface d'Anne BRUN. |
| 856 41 - ELECTRONIC LOCATION AND ACCESS | |
| Uniform Resource Identifier | <a href="https://shs.cairn.info/les-troubles-psychotiques-chez-l-enfant--9782200615871?lang=fr&redirect-ssocas=7080">https://shs.cairn.info/les-troubles-psychotiques-chez-l-enfant--9782200615871?lang=fr&redirect-ssocas=7080</a> |
Pas d'exemplaire disponible.




Réseaux sociaux